| 000 | 00436nam a2200169 a 4500 | ||
|---|---|---|---|
| 001 | 0000-9177 | ||
| 003 | ELIB.Books | ||
| 008 | 110520 1956 | ||
| 035 | _a(ELIB.Books)0000-9329 | ||
| 082 |
_a920.9 _bGol |
||
| 100 | _aGoldsmith, Oliver | ||
| 245 | _aVicar of Wakefield | ||
| 260 |
_bLondon; Macmillan & Company Ltd. _c1956 |
||
| 650 | _aGeography and History | ||
| 942 |
_2ddc _cBK |
||
| 998 |
_cbat _e2011-05-20 |
||
| 999 |
_c9177 _d9177 |
||